North atlantic ocean atlas of potential temperature and salinity in the deepwater including temperature, salinity and oxygen profiles from the Erika Dan cruise of 1962

Kaydedildi:
Detaylı Bibliyografya
Asıl Yazarlar: Worthington, L. V (Yazar), Wright, W. R (Yazar)
Materyal Türü: Kitap
Dil:İngilizce
Baskı/Yayın Bilgisi: Woods Hole Woods Hole Oceanographic Institution 1970
Konular:
Etiketler: Etiketle
Etiket eklenmemiş, İlk siz ekleyin!

MARC

LEADER 00000nam a2200000 a 4500
001 UCR4931
003 CL-VaPUC
008 980320e19700000us |||||||||||||||||eng|d
082 0 4 |a 551.4611  |b WOR  |2 21 
100 0 |a Worthington, L. V  |e author  |9 405517 
700 0 |a Wright, W. R  |e author  |9 405518 
245 1 0 |a North atlantic ocean atlas of potential temperature and salinity in the deepwater including temperature, salinity and oxygen profiles from the Erika Dan cruise of 1962 
300 |a 2 v 
942 |c BK 
945 |d 19980320 00:00:00  |a crobeson 
260 |a Woods Hole  |b Woods Hole Oceanographic Institution  |c 1970 
650 0 |a Oceanografía  |9 260014 
650 0 |a Hidrología  |9 261396 
650 0 |a Mapas  |9 260844 
651 7 |a OCEANO ATLANTICO  |2 CL-VaPUC  |9 262204 
583 |a last modification  |c 20171221 04:55:58  |k Rodrigo Vera 
999 |c 267713  |d 267711